00627cam a22002173a 450000100060000000300060000600500170001200800410002904000150007004200070008505000070009210000310009924500720013026000290020250600300023151600200026165300260028165300310030783000290033885600420036719981PGUSA20140828083425.0061130s2006||||xxu|||||s|||||000 1 eng d aPGUSAbeng adc 4aPS1 aDuncan, Norman,d1871-191610aDoctor Luke of the Labradorh[electronic resource] /cNorman Duncan bProject Gutenberg,c2006 aPublic domain in the USA. aElectronic text aPhysicians -- Fiction aLabrador (N.L.) -- Fiction 0aProject Gutenbergv1998140uhttp://www.gutenberg.org/ebooks/19981